000 00524nam a22001817a 4500
005 20170518124406.0
010 _aENG-118223
020 _a9788188965816
_c300.00
035 _aEN-101755
037 _bDBAD/PUB
082 _a956.940049274
100 _aAmiry,Suad
245 _aGolda slept here /
_cby Suad Amir
260 _aNew Delhi
_bWomen Unlimited
_c2014
270 _a7/10 Sarvapriya Vihar First Floor New Delhi 110016
300 _a171p.
_c22cm. (pbk)
942 _2ddc
_cEN
_h956.940049274
_mAMI
999 _c140064
_d140064